| 000 | 00948nam a2200205 a 4500 | ||
|---|---|---|---|
| 001 | 000040930 | ||
| 005 | 20201002034503.0 | ||
| 008 | 130911s1985 pr 001 0 spa d | ||
| 020 | _a0847723127 | ||
| 040 |
_aDO-SdBNP _bspa _cBNPHU |
||
| 100 | 1 |
_aGarcía de Serrano, Irma. _967356 |
|
| 245 | 1 | 0 |
_aManual para la preparación de informes y tesis / _cdirectora Irma García de Serrano ; ayudantes de investigación, Norbert Rivera Morales...[et.al]. |
| 260 |
_aPuerto Rico : _bEditorial Universitaria, Universidad de Puerto Rico, _c1985. |
||
| 300 |
_aviii, 239 p. : _bil. ; _c27 cm. |
||
| 500 | _aPreparado por la Oficina de Investigaciones de la Escuela de Administración Pública de la Universidad de Puerto Rico." | ||
| 500 | _aIncluye índice | ||
| 504 | _aBibliografía : p. 217-219. | ||
| 700 | 1 |
_aRivera Morales, Norbert _967357 |
|
| 710 | 2 |
_aUniversidad de Puerto Rico. Recinto de Río Piedras. Escuela de Administración Pública. _967358 |
|
| 999 |
_c40420 _d40420 |
||